000 00453nam a2200193Ia 4500
003 0100
008 130303s9999 xx 000 0 und d
040 _cARRUPELIB
050 _aREF. BX841.B695 1976
100 _aBroderick ,Robert C
245 4 _aThe Catholic encyclopedia
260 _aNashville
260 _bThomas Nelson
260 _C1976
300 _a612p.
300 _b 32 cm
700 _aBroderick , Virginia (ill.)
942 0 0 _02
999 _c28678
_d28678